00791nam a22002292 4500001001100000005001700011008004100028020001700069040001500086100003300101245003800134250001300172260003300185300001500218600003300233852001300266908001100279950000600290999001700296952013100313952011700444000001310820151217155854.0090603s xx 000 0 eng d a9966951008 : aKABUcKABU1 aAlembi, Ezekiel.@000015854910aElijah Masinde /cEzekiel Alembi. a1st ed. aNairobi :bSasa Sema,c2000. aix, 69 p.10aMasinde, Elijah.@00001702281 9p200 KES a090603 @1 c13576d13576 00102lcc70aKABUbKABUd2015-12-17l3oDT433.582 .M37A44 2000 c. 1p17753r2020-02-17 00:00:00s2020-02-04w2015-12-17yAFRI 00102lcc70aKABUbKABUd2015-12-17l0oDT433.582 .M37A44 2000 c. 2p17752r2015-12-17 00:00:00w2015-12-17yCC